Journal of political economy

Uložené v:
Podrobná bibliografia
Médium: Seriál
Jazyk:English
Vydavateľské údaje: Chicago University of Chicago Press 1984
Tagy: Pridať tag
Žiadne tagy, Buďte prvý, kto otaguje tento záznam!

MARC

LEADER 00000nas2a2200000 4500
001 s109375
005 20250730114202.4
041 0 |a eng 
044 |a US 
245 1 0 |a Journal of political economy 
264 1 |a Chicago  |b University of Chicago Press  |c 1984 
300 |a 1 zv. 
773 0 |w eu_un_cat*s120144